000 00470cam a2200193ua 4500
020 _c20.00
041 _aeng
_h
082 _a297
_bARIX/ LE
100 _aArnold, Thomas .
245 _aLegacy of Islam /
_cThomas Arnold.
_hTextual Documents
250 _a1 /
_b.
260 _aCalcutta :
_bOxford University Press ,
_c1960.
300 _a416 ; .
365 _a20.00
504 _a
700 1 _aGuillaume, Alfred .
942 _cBK
999 _c2275
_d2275